000 00195nam a2200085 4500
001 1257082
005 20260202094622.0
245 _aAYASOFYADA BİR GECE
_cRANA DEMİRİZ
260 _bTİMAŞ YAYINLARI
999 _c1257082
_d1257082